Best Boston Celtics player of all time! - Statistics

General Stats
  • This quiz has been taken 967 times
  • The average score is 8 of 10
Answer Stats
Player (seasons) awards Answer % Correct
(1979-1992) 3x MVP Larry Bird
98%
(1956-1969) 5x MVP Bill Russell
97%
(1998-2013) 10x All Star Paul Pierce
92%
(2007-2013) 1xMVP Kevin Garnett
91%
(1980-1993) 7x All Star Kevin Mchale
84%
(1950-1963) 1xMVP Bob Cousy
83%
(1962-1978) 13x All Star John Havlicek
76%
(1980-1994) 9x All Star Robert Parish
75%
(1957-1969) 5x All Star Sam Jones
58%
(1970-1980) 1xMVP Dave Cowens
56%
No matching quizzes found
Score Distribution
Percent of People with Each Score
Percentile by Number Answered
Your Score History
You have not taken this quiz